Statystyki dla Czy znasz większosć Stegozaurów ?

Kliknij tutaj aby rozwiązać quiz!

Ogólne statystyki

  • Ten quiz został rozwiązany 3 razy
  • Średni wynik to 2 z 16

Statystyki odpowiedzi

HintOdpowiedź% Poprawnych
WWuerhozaur
100%
SStegozaur
50%
CCzialingozaur
0%
DDacentrur
0%
DDżiangdżunozaur
0%
GGigantspinozaur
0%
HHesperozaur
0%
HHuajangozaur
0%
KKentrozaur
0%
LLeksowizaur
0%
LLorikatozaur
0%
MMiragaja
0%
MMonkonozaur
0%
PParantodon
0%
RRegnozaur
0%
TTuodziengozaur
0%

Rozkład punktacji

Percentyl według liczby udzielonych odpowiedzi

Procent ludzi z każdym wynikiem

Twoja historia wyników

Nie rozwiązałeś tego quizu